Historia de la Biología comparada : (Registro nro. 1412)

Detalles MARC
000 -CABECERA
Campo de control 01516nam a2200325 a 4500
005 - FECHA Y HORA DE LA ULTIMA TRANSACCION
Campo de control 20160123125637.0
008 - ELEMENTOS DE LONGITUD FIJA—INFORMACION GENERAL
Campo de control 151026m19952005mx a gr 00010 spa d
020 ## - ISBN
ISBN 9683642772 (v.1)
020 ## - ISBN
ISBN 9683644473 (v.2)
020 ## - ISBN
ISBN 9683644589 (v.3)
020 ## - ISBN
ISBN 9683642780 (obra completa)
040 ## - FUENTE DE CATALOGACIÓN
Agencia catalogadora original CO-BoBLA
Agencia transcriptora CO-BoBLA
Agencia Modificadora CO-BoIAVH
041 0# - IDIOMA
Código de idioma para texto/pista de sonido o título separado Español
082 04 - NUMERO DE CLASIFICACION DECIMAL DEWEY
Número de clasificación 570.9
Número del ítem P21f
100 1# - ASIENTO PRINCIPAL--NOMBRE PERSONAL
Nombre personal Papavero, Nelson
9 (RLIN) 54379
245 10 - MENCION DE TITULO
Título Historia de la Biología comparada :
Parte restante del título desde el génesis hasta el siglo de las luces /
Mención de responsabilidad Nelson Papavero, Jorge Llorente-Bousquets, David Espinosa Organista.
260 ## - PUBLICACION, DISTRIBUCION, ETC. (PIE DE IMPRENTA)
Lugar de publicación, distribución, etc. México D. F :
Nombre del editor, distribuidor, etc. Universidad Nacional Autonoma de México,
Fecha de publicación, distribución, etc. 1995-2005.
300 ## - DESCRIPCION FISICA
Extensión 3 volúmenes :
Otros detalles físicos ilustraciones ;
Dimensiones 23 cm.
505 0# - NOTA DE CONTENIDO
Nota de contenido Volumen 1.: Del génesis a la caída del imperio romano de occidente. -- Volumen 2.: La edad media : desde la caída del Imperio Romano de Occidente hasta la caída del Imperio Romano de Oriente. -- Volumen 3.: De Nicolás de Cusa a Francis Bacon (1493-1634).
650 14 - ASIENTO SECUNDARIO DE MATERIA - TERMINO TEMATICO
Término temático o nombre geográfico como elemento de entrada Biología
Subdivisión general Historia.
9 (RLIN) 54380
650 24 - ASIENTO SECUNDARIO DE MATERIA - TERMINO TEMATICO
Término temático o nombre geográfico como elemento de entrada Biología
Subdivisión general Estudios comparados.
9 (RLIN) 54381
650 #4 - ASIENTO SECUNDARIO DE MATERIA - TERMINO TEMATICO
Término temático o nombre geográfico como elemento de entrada Botánica
Subdivisión de forma Biografías.
9 (RLIN) 54382
650 24 - ASIENTO SECUNDARIO DE MATERIA - TERMINO TEMATICO
Término temático o nombre geográfico como elemento de entrada Historia natural
9 (RLIN) 54383
650 24 - ASIENTO SECUNDARIO DE MATERIA - TERMINO TEMATICO
Término temático o nombre geográfico como elemento de entrada Expediciones científicas
Subdivisión general Historia.
9 (RLIN) 54384
650 24 - ASIENTO SECUNDARIO DE MATERIA - TERMINO TEMATICO
Término temático o nombre geográfico como elemento de entrada Ciencia
Subdivisión general Historia.
9 (RLIN) 54385
700 1# - ASIENTO SECUNDARIO - NOMBRE PERSONAL
Nombre personal Llorente Bousquets, Jorge,
Término de relación autor.
9 (RLIN) 14895
700 1# - ASIENTO SECUNDARIO - NOMBRE PERSONAL
Nombre personal Espinosa Organista, David,
Término de relación autor.
9 (RLIN) 12194
942 ## - ELEMENTOS ADICIONALES (KOHA)
Sistema de clasificación Dewey Decimal Classification
Tipo de ítem Libro
949 ## - LOCAL PROCESSING INFORMATION (OCLC)
a n
b n
Existencias
Withdrawn status Lost status Sistema de Clasificación Damaged status No para préstamo Colección Inventariado Ubicación Permanente Ubicación actual Fecha de adquisición Fuente de Valor Valor Total Checkouts Número topográfico Inventario / Código de Barras Date last seen Ejemplar Price effective from Forma de adquisición Tipo de material
    Dewey Decimal Classification     General Inventariado 2017 Bogotá Bogotá 16/07/1999 Instituto 39000.00   LB-570.9 P21f 001953 04/12/2012 V. 1 Ej. 1 04/12/2012   Libro
    Dewey Decimal Classification     General Inventariado 2017 Bogotá Bogotá 11/12/2002 Instituto 39000.00   LB-570.9 P21f 001954 04/12/2012 V. 2 Ej. 1 04/12/2012   Libro
    Dewey Decimal Classification     General Inventariado 2017 Bogotá Bogotá 11/12/2002 Instituto 39000.00   LB-570.9 P21f 001955 04/12/2012 V. 3 Ej. 1 04/12/2012   Libro